Psicopatología general

Guardat en:
Dades bibliogràfiques
Autor principal: Deshaies, Gabriel (Autor)
Format: Llibre
Idioma:espanyol
Publicat: Buenos Aires Kapelusz 1961
Col·lecció:Biblioteca de psicología contemporánea
Matèries:
Etiquetes: Afegir etiqueta
Sense etiquetes, Sigues el primer a etiquetar aquest registre!

MARC

LEADER 00000nam a2200000 a 4500
001 UCY6936
003 CL-VaPUC
008 950602e19610600AG |||||||||||||||||spa|d
082 0 4 |a 616.89  |b DES  |2 21 
100 0 |a Deshaies, Gabriel  |e author  |9 337143 
245 1 0 |a Psicopatología general 
300 |a 210 p 
942 |c BK 
945 |d 19950602 00:00:00  |a cmena 
260 |a Buenos Aires  |b Kapelusz  |c 1961 
650 0 |a Psicología   |9 257863 
650 0 |a Métodos de investigación   |9 262618 
650 0 |a Personalidad   |9 307255 
650 0 |a Trastornos de la personalidad   |9 307698 
650 0 |a Conciencia  |9 309452 
650 0 |a Lenguaje   |9 265069 
650 0 |a Comunicación   |9 257251 
650 0 |a Psicolingüística   |9 283371 
650 7 |a ENFERMOS  |2 CL-VaPUC  |9 257283 
650 0 |a Problemas sociales  |9 258537 
650 7 |a PSICOTERAPIA  |2 CL-VaPUC  |9 337144 
583 |a last modification  |c 19950602 00:00:00  |k Rodrigo Vera 
490 0 |a Biblioteca de psicología contemporánea 
999 |c 234415  |d 234413